000 01424nam a2200337 a 4500
001 ebr10731783
003 CaPaEBR
006 m o u
007 cr cn|||||||||
008 150303s2013 njua s 001 0 eng d
020 _z9781118544525
020 _z9781118652008 (ePDF)
020 _z9781118651919 (ePub)
040 _aCaPaEBR
_cCaPaEBR
035 _a(OCoLC)828724595
050 1 4 _aHG6042
_b.L569 2013eb
082 0 4 _a332.63/2042
_223
100 1 _aLloyd, Thomas K.,
_d1937-
245 1 0 _aSuccessful stock signals for traders and portfolio managers
_h[electronic resource] :
_bintegrating technical analysis with fundamentals to improve performance /
_cThomas K. Lloyd, Sr.
260 _aHoboken, N.J. :
_bWiley,
_cc2013.
300 _a1 online resource (xxi, 346 p.) :
_bcol. ill., graphs.
490 0 _aWiley trading series
500 _aIncludes index.
533 _aElectronic reproduction.
_bPalo Alto, Calif. :
_cebrary,
_d2015.
_nAvailable via World Wide Web.
_nAccess may be limited to ebrary affiliated libraries.
588 _aDescription based on online resource; title from title page (ebrary, viewed July 23, 2013).
650 0 _aStock options.
650 0 _aPortfolio management.
655 7 _aElectronic books.
_2local
710 2 _aebrary, Inc.
856 4 0 _uhttp://site.ebrary.com/lib/rucke/Doc?id=10731783
_zAn electronic book accessible through the World Wide Web; click to view
999 _c36255
_d36255